LIBRARY & INFORMATION CENTRE, KCAET, TAVANUR

ONLINE PUBLIC ACCESS CATALOGUE (OPAC)

Modern mathematical methods for physicists and engineers / (Record no. 13276)

MARC details
000 -LEADER
fixed length control field 00466cam a2200169ua 4500
041 ## - LANGUAGE CODE
Language code of text/sound track or separate title eng
082 ## - DEWEY DECIMAL CLASSIFICATION NUMBER
Classification number 510.10246
Item number CAN/MO
100 ## - MAIN ENTRY--AUTHOR NAME
Personal name Cantrell, C D .
245 ## - TITLE STATEMENT
Title Modern mathematical methods for physicists and engineers /
260 ## - PUBLICATION, DISTRIBUTION, ETC. (IMPRINT)
Place of publication Cambridge :
Name of publisher Cambridge University Press ,
Year of publication 2002.
300 ## - PHYSICAL DESCRIPTION
Number of Pages 763 ;
Accompanying material CD.
942 ## - ADDED ENTRY ELEMENTS (KOHA)
Koha item type Books
Holdings
Withdrawn status Lost status Damaged status Home library Current library Date acquired Full call number Accession Number Koha item type
      KAUAET KAUAET 07/04/2012 510.10246 21424 Books
free website counter